Teach Yourself JAVA in 21 Days (Record no. 3113)

MARC details
000 -LEADER
fixed length control field 00416nam a2200157Ia 4500
008 - FIXED-LENGTH DATA ELEMENTS--GENERAL INFORMATION
fixed length control field 230312s9999||||xx |||||||||||||| ||und||
020 ## - INTERNATIONAL STANDARD BOOK NUMBER
International Standard Book Number 1-57521-097-5
082 ## - DEWEY DECIMAL CLASSIFICATION NUMBER
Classification number 005.2
Item number LEM-T
100 ## - MAIN ENTRY--PERSONAL NAME
Personal name Lemay, Laura
245 #0 - TITLE STATEMENT
Title Teach Yourself JAVA in 21 Days
260 ## - PUBLICATION, DISTRIBUTION, ETC.
Name of publisher, distributor, etc. Sams.net
Place of publication, distribution, etc. USA
Date of publication, distribution, etc. 1996
300 ## - PHYSICAL DESCRIPTION
Extent 527
546 ## - LANGUAGE NOTE
Language note Eng.
650 ## - SUBJECT ADDED ENTRY--TOPICAL TERM
Topical term or geographic name entry element Computer
Form subdivision Introduction to Java , Java applet Basic , Modifiers
942 ## - ADDED ENTRY ELEMENTS (KOHA)
Koha item type BOOK
Holdings
Withdrawn status Lost status Source of classification or shelving scheme Damaged status Not for loan Home library Current library Date acquired Total Checkouts Full call number Barcode Date last seen Price effective from Koha item type
    Dewey Decimal Classification     Superior Information Resource Center (SIRC) Superior University- Central Library Superior Information Resource Center (SIRC) Superior University- Central Library 03/13/2023   005.2 LEM-T 3126 03/13/2023 03/13/2023 BOOK

Powered by Koha